Текст томруулах:    
Central Eurasian Cultural Elements in the Old English Epic Beowulf (Бичлэгийн дугаар. 145035)
000 -УДИРДЛАГА
Удирдлага 02881nam a22007337a 4500
003 - ХЯНАЛТЫН ТОО ТОДОРХОЙЛОГЧ
Код MN-UlNUM
005 - БИЧИЛТ ХИЙСЭН ОГНОО
Тухайн бичилтийг бичсэн засварласан сүүлийн огноо 20251106092840.0
008 - ЕРӨНХИЙ МЭДЭЭЛЭЛ
Ерөнхий мэдээлэл 251027s2025 mp jo||| |||| 00| | eng d
040 ## - БИЧЛЭГ ҮҮСГЭГЧ БАЙГУУЛЛАГА
Бичлэг үүсгэгч номын сан МУИС-ийн номын сан
084 ## - ББК АНГИЛАЛ
Нэмэлт тусгалт Нэг сэдэвт бүтээл
ББК ангилал 71.04
Зохиогчийн гурван тэмдэгт O-98
Мэдлэгийн ялгаа 71 - Соёл
100 0# - ЗЭРЭГ ГОРИЛОГЧ
Зэрэг горилогч Oyumaa Munkh-Amgalan
110 ## - СУРГУУЛЬ / ТЭНХИМ
Сургууль МУИС. ШУС. ХУС
Тэнхим Европ судлалын тэнхим
245 10 - ҮНДСЭН ГАРЧИГ
Судалгааны ажлын сэдэв Central Eurasian Cultural Elements in the Old English Epic Beowulf
Бага гарчгийн мэдээ International Area Studies: Master's thesis:
Удирдагч Dr (Ph.D) D. M. Daariimaa
-- Dr (Ph.D) G. Galbayar
Шүүмжлэгч Dr (Ph.D) Ts. Battulga
Мэргэжлийн индекс E02220301
260 ## - ГАРАЛТЫН МЭДЭЭ
Хэвлэгдсэн газар UB
Хэвлэгдсэн он 2025
300 ## - МАТЕРИАЛЫН ТОДОРХОЙЛОЛТ
хуудасны тоо 130
500 ## - Тайлбар
Дансны дугаар ЭШФ Маг Дип 7723, Цахим Маг Дип 7993
546 ## - ХЭЛНИЙ ТУХАЙ МЭДЭЭ
Хэл Англи хэл дээр,
653 ## - Түлхүүр үг
Түлхүүр үг cultural studies
653 ## - Түлхүүр үг
Түлхүүр үг sources and literature review
653 ## - Түлхүүр үг
Түлхүүр үг the comitatus
653 ## - Түлхүүр үг
Түлхүүр үг master's thesis
740 ## - ГАРЧИГ
Гарчиг Structure of This Thesis
740 ## - ГАРЧИГ
Гарчиг Objectives
740 ## - ГАРЧИГ
Гарчиг Terminology
740 ## - ГАРЧИГ
Гарчиг Historical Geographic Terminology
740 ## - ГАРЧИГ
Гарчиг Cultural, Literary, and Linguistic Terminology
740 ## - ГАРЧИГ
Гарчиг Methodological Overview and Previous Studies
740 ## - ГАРЧИГ
Гарчиг Methodology for Identifying a Culture Complex
740 ## - ГАРЧИГ
Гарчиг Methods of Analysis
740 ## - ГАРЧИГ
Гарчиг Beowulf as a Representative of Central Eurasian Culture
740 ## - ГАРЧИГ
Гарчиг Sources and Literature Review
740 ## - ГАРЧИГ
Гарчиг Overview of Sources
740 ## - ГАРЧИГ
Гарчиг Main Source: The Old English Epic Beowulf
740 ## - ГАРЧИГ
Гарчиг Old English
740 ## - ГАРЧИГ
Гарчиг History of the English Language
740 ## - ГАРЧИГ
Гарчиг Old English Orthography
740 ## - ГАРЧИГ
Гарчиг The Old English Epic Beowulf
740 ## - ГАРЧИГ
Гарчиг Transmission and Christianization of the Text
740 ## - ГАРЧИГ
Гарчиг The Etymology of Beowulf and its Central Eurasian Parallels
740 ## - ГАРЧИГ
Гарчиг ‘Scythian’ Cultures of the British Isles
740 ## - ГАРЧИГ
Гарчиг Sources on the Early Germanic Peoples and Other Central Eurasian Peoples
740 ## - ГАРЧИГ
Гарчиг Data and Analysis
740 ## - ГАРЧИГ
Гарчиг Overview of Data and Analysis
740 ## - ГАРЧИГ
Гарчиг Epic Traditions of Central Eurasia – from East to West
740 ## - ГАРЧИГ
Гарчиг The Bard and Music
740 ## - ГАРЧИГ
Гарчиг The Comitatus
740 ## - ГАРЧИГ
Гарчиг The Earliest Attestation of the Comitatus among the Scythians
740 ## - ГАРЧИГ
Гарчиг The Comitatus in Medieval Mongol Society
740 ## - ГАРЧИГ
Гарчиг Mongol anda
740 ## - ГАРЧИГ
Гарчиг Mongol nökör
740 ## - ГАРЧИГ
Гарчиг Mongol kešig ~ kešigten
740 ## - ГАРЧИГ
Гарчиг The Scythian Oath and its Borrowing in Mongol
740 ## - ГАРЧИГ
Гарчиг The Comitatus and Feasts
740 ## - ГАРЧИГ
Гарчиг Gold and Golden Feasting Venues
740 ## - ГАРЧИГ
Гарчиг The Comitatus and Alcohol Consumption
740 ## - ГАРЧИГ
Гарчиг Gift Giving
740 ## - ГАРЧИГ
Гарчиг Gift Giving, the Number Eight, and Heavenly Horses
740 ## - ГАРЧИГ
Гарчиг The Comitatus, Funerary Customs, and Heaven
740 ## - ГАРЧИГ
Гарчиг Paradise: The Comitatus and the Afterlife
740 ## - ГАРЧИГ
Гарчиг Scythian Targi ~ Tägri ~ Tängri ‘Heavenly God’
740 ## - ГАРЧИГ
Гарчиг Odin ~ Óðinn ~ Wōden and Scythian Vāta ‘God of the Wind’
942 ## - ЭЛЕМЕНТИЙН ТӨРӨЛ
Зүйлийн төрөл Магистрын ажил